| 000 | 00475 a2200205 4500 | ||
|---|---|---|---|
| 001 | 132750 | ||
| 020 | _a85-08-02850-4 | ||
| 040 | _cLeonardo Da Vinci | ||
| 041 | _aPortuguês | ||
| 082 |
_aIJ R577p _bR577p |
||
| 100 | _aROCHA, Wilson | ||
| 245 | _aOs passageiros do futuro | ||
| 250 | _a2.ed | ||
| 260 |
_bÁtica _c1988 _aSão Paulo |
||
| 300 | _a128 | ||
| 362 | _a19880000 | ||
| 490 | _aVaga-Lume | ||
| 697 |
_aLiteratura infanto-juvenil _aAventura |
||
| 942 | _cBK | ||
| 999 |
_c132750 _d132750 |
||